عرض عادي عرض مارك
  • Evidence-Based Medicine

مدخل مصطلح موضوعي

عدد التسجيلات المستخدمة في: 3

001 - رقم الضبط

  • حقل الضبط: 10216

003 - معرف رقم الضبط

  • حقل الضبط: OSt

005 - تاريخ ووقت أخر عملية

  • حقل الضبط: 20120405205612.0

008 - عناصر بيانات ثابتة الطول

  • حقل تحكم ثابت الطول: 120405|||a|||||| | ||| d

040 ## - مصدر الفهرسة

  • هيئة الفهرسة الأصلية: OSt
  • وكالة الكتابة: OSt

150 ## - مدخل-- مصطلح تاريخي

  • عنصر مدخل المصطلح الموضوعي او الاسم الجغرافي: Evidence-Based Medicine
  • تفريع عام: methods
  • تفريع شكلي: Handbooks.

670 ## - بيانات المصدر موجوده

  • الاستشهاد بالمصدر: Work cat.: (OSt)0: Cook, Chad. 10214, Orthopedic physical examination tests :, c2008.